000 00272nam a22001097a 4500
008 170126b xxu||||| |||| 00| 0 eng d
020 _a0871251094
041 _aeng
080 _a61
245 _aMEDICAL ETHICS: COMMON GROUND FOR UNDERSTANDING
_cBRODEUR, D
942 _2udc
_cBK
999 _c3741
_d3741